| 000 | 01031nac a22002171u 4500 | ||
|---|---|---|---|
| 008 | 100214t2010 xxu||||| |||| 00| 0 eng d | ||
| 010 | _a 2003026394 | ||
| 020 | _a9780071267823 (alk. paper) | ||
| 082 | 0 | 0 |
_a005.1 _bPRE |
| 100 |
_aPressman, Roger S. _911350 |
||
| 245 | 1 | 0 |
_aSoftware Engineering : _bA Practitioner's Approach / _cRoger S. Pressman. |
| 250 |
_a7th ed. _bAlternate Edition |
||
| 260 |
_aBoston, Mass. : _bMcGraw-Hill, _cc2010. |
||
| 300 |
_axxviii, 895 p. : _bill. ; _c24 cm. |
||
| 504 | _aIncludes bibliographical references and index. | ||
| 650 | 0 |
_aSoftware engineering. _911351 |
|
| 856 | 4 | 1 |
_3Table of contents _uhttp://www.loc.gov/catdir/toc/ecip0411/2003026394.html |
| 856 | 4 | 1 |
_3Publisher description _uhttp://www.loc.gov/catdir/enhancements/fy0702/2003026394-d.html |
| 942 |
_cBB _k005.1PRE _2ddc |
||
| 999 |
_c13379 _d13379 |
||